| 000 | 02743cam a2200337 a 4500 | ||
|---|---|---|---|
| 001 | 16449818 | ||
| 005 | 20221221111617.0 | ||
| 008 | 100908s2011 nyuab b 001 0 eng | ||
| 010 | _a 2010038534 | ||
| 020 | _a9780374227340 (alk. paper) | ||
| 020 | _a0374227349 (alk. paper) | ||
| 035 | _a(OCoLC)ocn650212556 | ||
| 040 |
_aDLC _cDLC _dYDX _dBTCTA _dYDXCP _dUPZ _dWIQ _dIUK _dDLC |
||
| 050 | 0 | 0 |
_aJC11 _b.F85 2011 |
| 082 | 0 | 0 |
_a320.9,FUK _222 |
| 100 | 1 |
_aFukuyama, Francis. _999767 |
|
| 245 | 1 | 4 |
_aThe origins of political order : _bfrom prehuman times to the French Revolution / _cFrancis Fukuyama. |
| 250 | _a1st ed. | ||
| 260 |
_aNew York : _bFarrar, Straus and Giroux, _c2011. |
||
| 300 |
_axiv, 585 p. : _bill., maps ; _c24 cm. |
||
| 505 | _apart I: Before the state. The necessity of politics (Page-3), The state of nature (Page-26), The tyranny of cousins (Page-49), Tribal societies : property, justice, war (Page-64), The coming of the leviathan (Page-80), part II: State building. Chinese tribalism (Page-97), War and the rise of the Chinese state (Page-110), The great Han system (Page-128), Political decay and the return of patrimonial government (Page-139), The Indian detour (Page-151), Varnas and jatis (Page-175), Weaknesses of Indian politics (Page-189), Slavery and the Muslim exit from tribalism (Page-202), The Mamluks save Islam (Page-214), The functioning and decline of the Ottoman state (Page-229), - Christianity undermines the family (Page-245), part III: The rule of law. The origins of the rule of law (Page-262), The church becomes a state (Page-276), The state becomes a church (Page-290), Oriental despotism (Page-303), Stationary bandits (Page-321), part IV: Accountable government. The rise of political accountability (Page-336), Rente seekers (Page-355), Patrimonialism crosses the Atlantic (Page-373), East of the Elbe (Page-386), Toward a more perfect absolutism (Page-402), Taxation and representation Why accountability? Why absolutism? (Page-422), part V: Toward a theory of political development. Political development and political decay (Page-437), Political development, then and now (Page-458). | ||
| 520 | _aFrancis Fukuyama examines the paths that different societies have taken to reach their current forms of political order. | ||
| 650 | 0 |
_aState, The _xHistory. _9105325 |
|
| 650 | 0 |
_aOrder _xHistory. _9105326 |
|
| 650 | 0 |
_aComparative government _xHistory. _9105327 |
|
| 650 | 0 |
_aDemocracy _xHistory. _9105328 |
|
| 700 | 1 |
_iContinued by: _aFukuyama, Francis. _tPolitical order and political decay. _9105494 |
|
| 906 |
_a7 _bcbc _corignew _d1 _eecip _f20 _gy-gencatlg |
||
| 942 |
_2ddc _cBK _k320.9,FUK |
||
| 999 |
_c592759 _d592759 |
||